Organic Reaction Mechanisms (Record no. 8598)
[ view plain ]
| 000 -LEADER | |
|---|---|
| fixed length control field | 00465nam a22001577a 4500 |
| 003 - CONTROL NUMBER IDENTIFIER | |
| control field | OSt |
| 008 - FIXED-LENGTH DATA ELEMENTS--GENERAL INFORMATION | |
| fixed length control field | 200319b ||||| |||| 00| 0 eng d |
| 022 ## - INTERNATIONAL STANDARD SERIAL NUMBER | |
| International Standard Serial Number | 9788184871159 |
| 100 ## - MAIN ENTRY--PERSONAL NAME | |
| Personal name | Ahluwalia, V. K. & Parashar, Rakesh K. |
| 245 ## - TITLE STATEMENT | |
| Title | Organic Reaction Mechanisms |
| 250 ## - EDITION STATEMENT | |
| Edition statement | 4th (2019) |
| 260 ## - PUBLICATION, DISTRIBUTION, ETC. (IMPRINT) | |
| Place of publication, distribution, etc | New Delhi |
| Name of publisher, distributor, etc | Narosa Publishing House |
| 300 ## - PHYSICAL DESCRIPTION | |
| Extent | 774 pages, Dimensions: 9.4 x 7.2 x 1.3 inches |
| 650 ## - SUBJECT ADDED ENTRY--TOPICAL TERM | |
| Topical term or geographic name as entry element | Pharmaceutical Organic Chemisty |
| 942 ## - ADDED ENTRY ELEMENTS (KOHA) | |
| Source of classification or shelving scheme | Dewey Decimal Classification |
| Koha item type | Text Books |
| Withdrawn status | Lost status | Source of classification or shelving scheme | Damaged status | Not for loan | Collection code | Home library | Current library | Date acquired | Source of acquisition | Currency | Cost, normal purchase price | Bill Number | Total Checkouts | Full call number | Acc. no. / Barcode | Date last seen | Actual Cost, discounted price | Bill Date | Koha item type |
|---|---|---|---|---|---|---|---|---|---|---|---|---|---|---|---|---|---|---|---|
| Dewey Decimal Classification | B.Pharma | PIET C-LIBRARY | PIET C-LIBRARY | 07/01/2020 | Kirti Prakashan | IN Rupees | 610.00 | IN5980 | 547 AHO | BP329 | 19/03/2020 | 408.70 | 07/01/2020 | Text Books | |||||
| Dewey Decimal Classification | B.Pharma | PIET C-LIBRARY | PIET C-LIBRARY | 07/01/2020 | Kirti Prakashan | IN Rupees | 610.00 | IN5980 | 547 AHO | BP330 | 19/03/2020 | 408.70 | 07/01/2020 | Reference Books | |||||
| Dewey Decimal Classification | B.Pharma | PIET C-LIBRARY | PIET C-LIBRARY | 07/01/2020 | Kirti Prakashan | IN Rupees | 610.00 | IN5980 | 547 AHO | BP331 | 19/03/2020 | 408.70 | 07/01/2020 | Text Books | |||||
| Dewey Decimal Classification | B.Pharma | PIET C-LIBRARY | PIET C-LIBRARY | 07/01/2020 | Kirti Prakashan | IN Rupees | 610.00 | IN5980 | 547 AHO | BP332 | 19/03/2020 | 408.70 | 07/01/2020 | Text Books |